Money, the financial system, and the economy / (Record no. 3523)

MARC details
000 -LEADER
fixed length control field 02069nam a2200241Ia 4500
020 ## - INTERNATIONAL STANDARD BOOK NUMBER
ISBN 0321248536
022 ## - INTERNATIONAL STANDARD SERIAL NUMBER
ISSN 9780321248534
050 14 - CALL NUMBER
Classification number HG173.H83
100 1# - AUTHOR
Personal name Hubbard, R. Glenn.
245 10 - TITLE
Title Money, the financial system, and the economy /
Statement of responsibility, etc R. Glenn Hubbard.
250 ## - EDITION
Edition statement Fifth edition/ International edition.
260 ## - PUBLICATION INFORMATION
Place of publication Boston
Name of publisher Pearson, Addison Wesley
Year of publication 2005
300 ## - DESCRIPTION
Number of Pages xxxii, 684, 52 pages :
Other physical details illustrations ;
Dimensions 26 cm.
500 ## - NOTES
General note includes index
505 ## - FORMATTED CONTENTS NOTE
Table of Content I. INTRODUCTION. 1. Introducing Money and the Financial System. 2. Money and the Payments System. 3. Overview and the Financial System. II. INTEREST RATES. 4. Interest Rates and Rates of Return. 5. The Theory of Portfolio Allocation. 6. Determining Market Interest Rates. 7. Risk Structure and Term Structure of Interest Rates. III. FINANCIAL MARKETS. 8. The Foreign Exchange Market and Exchange Rates. 9. Derivative Securities and Derivative Markets. 10. Information and Financial Market Efficiency. 11. Reducing Transactions Costs and Information Costs. IV. FINANCIAL INSTITUTIONS. 12. What Financial Institutions Do. 13. The Business of Banking. 14. The Banking Industry. 15. Banking Regulation: Crisis and Response. 16. Banking in the International Economy. V. THE MONEY SUPPLY PROCESS AND MONETARY POLICY. 17. The Money Supply Process. 18. Changes in the Monetary Base. 19. Organization of Central Banks. 20. Monetary Policy Tools. 21. The Conduct of Monetary Policy. 22. The International Financial System and Monetary Policy. VI. THE FINANCIAL SYSTEM AND THE MACROECONOMY. 23. The Demand for Money. 24. Linking the Financial System and the Economy: The IS-LM-FE Model. 25. Aggregate Demand and Aggregate Supply. 26. Money and Output in the Short Run. 27. Information Problems and Channels for Monetary Policy. 28. Inflation: Causes and Consequences.
650 #0 - SUBJECTS
Topical Term Financial institutions.
650 #0 - SUBJECTS
Topical Term Finance.
650 #0 - SUBJECTS
Topical Term Money.
General subdivision International finance.
650 #0 - SUBJECTS
Topical Term Banks and banking.
650 #0 - SUBJECTS
Topical Term Monetary policy
650 #0 - SUBJECTS
Topical Term International finance.
942 ## - ADDED ENTRY ELEMENTS (KOHA)
Koha item type Books
Holdings
Withdrawn status Lost status Collection code Home library Current library Shelving location Date acquired Full call number Accession Number Koha item type
    Reference Methodist University Library Main Methodist University Library Main General Stacks 19/03/2007 HG173.H83 18074 Books
    Reference Methodist University Library Main Methodist University Library Main General Stacks 19/03/2007 HG173.H83 18072 Books
Copyright © 2026  MUG Library